000 00918nam a22002297a 4500
999 _c10994
_d10994
003 AR-CdUCM
008 190402b ||||| |||| 00| 0 spa d
040 _aMUNICIPALIDAD PROVINCIAL DEL CUSCO
_cBIBLIOTECA MUNICIPAL DEL CUSCO
041 _hger
082 _a371 /
_bC73 / 1944
100 _aCohn, Jonas,
_928096
245 _aPedagogía fundamental /
260 _aBuenos Aires :
_bLosada,
_c1944.
300 _a335 paginas ;
_c19 cm.
505 _aContenido : La finalidad de la educación -- El fin general -- Orientación especial del objetivo, debida alas circunstancias especiales de la época y de la nacionalidad -- Determinación especial del objetivo por la profesión futura...
650 _aEducacional y desarrollo
_928097
650 _aFilosofía
_9395
650 _aPedagogía como ciencia
_928098
700 _aCarmona Nenclares, F. (Traductor)
_928099
942 _2ddc
_cLIBROS
945 _awnts